000 00587nam a22002537a 4500
003 UA-OsUOA
001 27111
007 ta
008 20040615b un ||||| |||| 00| 0 ukr d
100 _aСтавровский А.
090 _a004.43
_bС77
942 _cBK
040 _aUA-OsUOA
_brus
_cUA-OsUOA
_dUA-OsUOA
245 _aТурбо Паскаль 7.0
_bУчебник
300 _a399 с.
955 _a0
041 _arus
080 _a004.43
020 _a966-552-070-9
260 _aКиев
_bИрина
_c2000
044 _aUA
650 7 _2UDC
999 _c313452
_d313452